<?xml version="1.0" encoding="UTF-8"?>
<record
    xmlns:xsi="http://www.w3.org/2001/XMLSchema-instance"
    xsi:schemaLocation="http://www.loc.gov/MARC21/slim http://www.loc.gov/standards/marcxml/schema/MARC21slim.xsd"
    xmlns="http://www.loc.gov/MARC21/slim">

  <leader>00922mam a2200289 a 4500</leader>
  <controlfield tag="001">50210</controlfield>
  <controlfield tag="003">BD-RjUL</controlfield>
  <controlfield tag="005">20211209075456.0</controlfield>
  <controlfield tag="008">160824s1971    sw bd    bs   001 0 eng d</controlfield>
  <datafield tag="035" ind1=" " ind2=" ">
    <subfield code="a">(OCoLC)ocm46851747</subfield>
  </datafield>
  <datafield tag="035" ind1=" " ind2=" ">
    <subfield code="a">(BD-RjUL)50330</subfield>
  </datafield>
  <datafield tag="035" ind1=" " ind2=" ">
    <subfield code="a">(NNC)2971171</subfield>
  </datafield>
  <datafield tag="040" ind1=" " ind2=" ">
    <subfield code="a">VOD</subfield>
    <subfield code="c">VOD</subfield>
    <subfield code="d">NNC</subfield>
    <subfield code="b">eng</subfield>
  </datafield>
  <datafield tag="041" ind1=" " ind2=" ">
    <subfield code="a">eng</subfield>
  </datafield>
  <datafield tag="082" ind1=" " ind2=" ">
    <subfield code="2">23 </subfield>
    <subfield code="a">385 </subfield>
    <subfield code="b">SRE 1971 </subfield>
  </datafield>
  <datafield tag="090" ind1=" " ind2=" ">
    <subfield code="a">HC380.T7</subfield>
    <subfield code="b">T46 2000</subfield>
  </datafield>
  <datafield tag="100" ind1="1" ind2=" ">
    <subfield code="a">Srivastava, S.K. </subfield>
    <subfield code="d">1913-</subfield>
    <subfield code="9">150506</subfield>
  </datafield>
  <datafield tag="245" ind1="1" ind2="0">
    <subfield code="a">Economics of transport :</subfield>
    <subfield code="b">with special reference to transport development in india /</subfield>
    <subfield code="c">S.K.  Srivastava</subfield>
  </datafield>
  <datafield tag="250" ind1=" " ind2=" ">
    <subfield code="a">5th edi. </subfield>
  </datafield>
  <datafield tag="260" ind1=" " ind2=" ">
    <subfield code="a">New delhi:</subfield>
    <subfield code="b">S.Chand,</subfield>
    <subfield code="c">1971 </subfield>
  </datafield>
  <datafield tag="300" ind1=" " ind2=" ">
    <subfield code="a">548 p. :</subfield>
    <subfield code="b">ill.;</subfield>
    <subfield code="c">23 cm.</subfield>
  </datafield>
  <datafield tag="490" ind1="1" ind2=" ">
    <subfield code="a">Lund studies in economic history ;</subfield>
    <subfield code="v">12</subfield>
  </datafield>
  <datafield tag="504" ind1=" " ind2=" ">
    <subfield code="a">Includes bibliographical references and indexes.</subfield>
  </datafield>
  <datafield tag="650" ind1=" " ind2="0">
    <subfield code="a">Transportation</subfield>
    <subfield code="9">150507</subfield>
  </datafield>
  <datafield tag="830" ind1=" " ind2="0">
    <subfield code="a">Lund studies in economic history ;</subfield>
    <subfield code="v">12.</subfield>
    <subfield code="9">150508</subfield>
  </datafield>
  <datafield tag="942" ind1=" " ind2=" ">
    <subfield code="2">ddc</subfield>
    <subfield code="c">BK</subfield>
  </datafield>
  <datafield tag="999" ind1=" " ind2=" ">
    <subfield code="c">50210</subfield>
    <subfield code="d">50210</subfield>
  </datafield>
  <datafield tag="952" ind1=" " ind2=" ">
    <subfield code="0">0</subfield>
    <subfield code="1">0</subfield>
    <subfield code="2">ddc</subfield>
    <subfield code="4">0</subfield>
    <subfield code="7">0</subfield>
    <subfield code="8">NFIC</subfield>
    <subfield code="a">RUCL</subfield>
    <subfield code="b">RUCL</subfield>
    <subfield code="c">Stack</subfield>
    <subfield code="d">1974-02-23</subfield>
    <subfield code="e">Aligash library, Rajshahi</subfield>
    <subfield code="g">25.25</subfield>
    <subfield code="l">0</subfield>
    <subfield code="o">385  SRE 1971</subfield>
    <subfield code="r">2016-08-24 00:00:00</subfield>
    <subfield code="t">C-2</subfield>
    <subfield code="w">2016-08-24</subfield>
    <subfield code="y">BK</subfield>
  </datafield>
  <datafield tag="952" ind1=" " ind2=" ">
    <subfield code="0">0</subfield>
    <subfield code="1">0</subfield>
    <subfield code="2">ddc</subfield>
    <subfield code="4">0</subfield>
    <subfield code="7">0</subfield>
    <subfield code="8">NFIC</subfield>
    <subfield code="a">RUCL</subfield>
    <subfield code="b">RUCL</subfield>
    <subfield code="c">Stack</subfield>
    <subfield code="d">1974-02-23</subfield>
    <subfield code="e">Aligash library, Rajshahi</subfield>
    <subfield code="g">25.25</subfield>
    <subfield code="l">0</subfield>
    <subfield code="o">385  SRE 1971</subfield>
    <subfield code="r">2016-08-24 00:00:00</subfield>
    <subfield code="t">C-3</subfield>
    <subfield code="w">2016-08-24</subfield>
    <subfield code="y">BK</subfield>
  </datafield>
  <datafield tag="952" ind1=" " ind2=" ">
    <subfield code="0">0</subfield>
    <subfield code="1">0</subfield>
    <subfield code="2">ddc</subfield>
    <subfield code="4">0</subfield>
    <subfield code="7">0</subfield>
    <subfield code="8">NFIC</subfield>
    <subfield code="a">RUCL</subfield>
    <subfield code="b">RUCL</subfield>
    <subfield code="c">Stack</subfield>
    <subfield code="d">1974-02-23</subfield>
    <subfield code="e">Aligash library, Rajshahi</subfield>
    <subfield code="g">25.25</subfield>
    <subfield code="l">0</subfield>
    <subfield code="o">385  SRE 1971</subfield>
    <subfield code="r">2016-08-24 00:00:00</subfield>
    <subfield code="t">C-4</subfield>
    <subfield code="w">2016-08-24</subfield>
    <subfield code="y">BK</subfield>
  </datafield>
  <datafield tag="952" ind1=" " ind2=" ">
    <subfield code="0">0</subfield>
    <subfield code="1">0</subfield>
    <subfield code="2">ddc</subfield>
    <subfield code="4">0</subfield>
    <subfield code="7">0</subfield>
    <subfield code="8">NFIC</subfield>
    <subfield code="a">RUCL</subfield>
    <subfield code="b">RUCL</subfield>
    <subfield code="c">Stack</subfield>
    <subfield code="d">1974-02-23</subfield>
    <subfield code="e">Aligash library, Rajshahi</subfield>
    <subfield code="g">25.25</subfield>
    <subfield code="l">0</subfield>
    <subfield code="o">385  SRE 1971</subfield>
    <subfield code="r">2016-08-24 00:00:00</subfield>
    <subfield code="t">C-5</subfield>
    <subfield code="w">2016-08-24</subfield>
    <subfield code="y">BK</subfield>
  </datafield>
  <datafield tag="952" ind1=" " ind2=" ">
    <subfield code="0">0</subfield>
    <subfield code="1">0</subfield>
    <subfield code="2">ddc</subfield>
    <subfield code="4">0</subfield>
    <subfield code="7">0</subfield>
    <subfield code="8">NFIC</subfield>
    <subfield code="a">RUCL</subfield>
    <subfield code="b">RUCL</subfield>
    <subfield code="c">Stack</subfield>
    <subfield code="d">1974-02-23</subfield>
    <subfield code="e">Aligash library, Rajshahi</subfield>
    <subfield code="g">25.25</subfield>
    <subfield code="l">0</subfield>
    <subfield code="o">385  SRE 1971</subfield>
    <subfield code="r">2016-08-24 00:00:00</subfield>
    <subfield code="t">C-6</subfield>
    <subfield code="w">2016-08-24</subfield>
    <subfield code="y">BK</subfield>
  </datafield>
  <datafield tag="952" ind1=" " ind2=" ">
    <subfield code="0">0</subfield>
    <subfield code="1">0</subfield>
    <subfield code="2">ddc</subfield>
    <subfield code="4">0</subfield>
    <subfield code="7">0</subfield>
    <subfield code="8">NFIC</subfield>
    <subfield code="a">RUCL</subfield>
    <subfield code="b">RUCL</subfield>
    <subfield code="c">Stack</subfield>
    <subfield code="d">1974-02-23</subfield>
    <subfield code="e">Aligash library, Rajshahi</subfield>
    <subfield code="g">25.25</subfield>
    <subfield code="l">0</subfield>
    <subfield code="o">385  SRE 1971</subfield>
    <subfield code="r">2016-08-24 00:00:00</subfield>
    <subfield code="t">C-7</subfield>
    <subfield code="w">2016-08-24</subfield>
    <subfield code="y">BK</subfield>
  </datafield>
  <datafield tag="952" ind1=" " ind2=" ">
    <subfield code="0">0</subfield>
    <subfield code="1">0</subfield>
    <subfield code="2">ddc</subfield>
    <subfield code="4">0</subfield>
    <subfield code="7">0</subfield>
    <subfield code="8">NFIC</subfield>
    <subfield code="a">RUCL</subfield>
    <subfield code="b">RUCL</subfield>
    <subfield code="c">Stack</subfield>
    <subfield code="d">1974-02-23</subfield>
    <subfield code="e">Aligash library, Rajshahi</subfield>
    <subfield code="g">25.25</subfield>
    <subfield code="l">0</subfield>
    <subfield code="o">385  SRE 1971</subfield>
    <subfield code="r">2016-08-24 00:00:00</subfield>
    <subfield code="t">C-8</subfield>
    <subfield code="w">2016-08-24</subfield>
    <subfield code="y">BK</subfield>
  </datafield>
  <datafield tag="952" ind1=" " ind2=" ">
    <subfield code="0">0</subfield>
    <subfield code="1">0</subfield>
    <subfield code="2">ddc</subfield>
    <subfield code="4">0</subfield>
    <subfield code="7">0</subfield>
    <subfield code="8">NFIC</subfield>
    <subfield code="a">RUCL</subfield>
    <subfield code="b">RUCL</subfield>
    <subfield code="c">Stack</subfield>
    <subfield code="d">1974-02-23</subfield>
    <subfield code="e">Aligash library, Rajshahi</subfield>
    <subfield code="g">25.25</subfield>
    <subfield code="l">0</subfield>
    <subfield code="o">385  SRE 1971</subfield>
    <subfield code="r">2016-08-24 00:00:00</subfield>
    <subfield code="t">C-9</subfield>
    <subfield code="w">2016-08-24</subfield>
    <subfield code="y">BK</subfield>
  </datafield>
</record>
